[Event "Eliteserien 2008-2009"]
[Site "Haraldsheim"]
[Date "2008.11.07"]
[Round "6"]
[White "Elsness, Frode"]
[Black "Røyset, Jon Kr."]
[Result "1-0"]
[WhiteElo "2425"]
[BlackElo "2076"]
[PlyCount "113"]
[EventDate "2008.??.??"]

1. d4 Nf6 2. c4 e6 3. g3 d5 4. Nf3 c6 5. Bg2 Be7 6. O-O O-O 7. Qc2 b6 8. Nbd2
Bb7 9. e4 dxe4 10. Nxe4 Nbd7 11. Rd1 Nxe4 12. Qxe4 Qc7 13. Bf4 Bd6 14. Bxd6
Qxd6 15. c5 bxc5 16. dxc5 Qc7 17. Qc2 Nf6 18. Rd6 Rad8 19. Rad1 h6 20. Ne5 Nd5
21. Nc4 Ba6 22. Rxd8 Rxd8 23. Nd6 Qa5 24. a3 Rb8 25. h3 Bb5 26. Qc1 Qd8 27. Rd4
Qf6 28. Qd2 Qg5 29. Qxg5 hxg5 30. Bxd5 exd5 31. Rb4 a5 32. Rb3 a4 33. Rb4 Kf8
34. b3 Ra8 35. bxa4 Bxa4 36. Rb7 f6 37. Nf5 Bd1 38. Nxg7 Rxa3 39. Ne6+ Ke8 40.
Ng7+ Kf8 41. Ne6+ Kg8 42. Nd4 Rc3 43. Rb1 Ba4 44. Rb4 Bc2 45. Rb6 Bd1 46. Rxc6
Rc4 47. Nf5 Bf3 48. g4 d4 49. Rxf6 Rc1+ 50. Kh2 d3 51. Rd6 Rxc5 52. Rxd3 Be4
53. Rd8+ Kh7 54. Ne3 Rc1 55. Rd1 Rc3 56. Kg3 Ra3 57. Rd4 
1-0

[Event "Eliteserien 2008-2009"]
[Site "Haraldsheim"]
[Date "2008.11.07"]
[Round "6"]
[White "Jæger, Frode Bull"]
[Black "Miezis, Normunds"]
[Result "0-1"]
[WhiteElo "2031"]
[BlackElo "2500"]
[PlyCount "71"]
[EventDate "2008.??.??"]

1. d4 Nf6 2. Nf3 e6 3. c4 b6 4. g3 Bb7 5. Bg2 Bb4+ 6. Bd2 a5 7. O-O O-O 8. Bg5
Be7 9. Nc3 Na6 10. Qd3 Nb4 11. Qd2 Ne4 12. Nxe4 Bxe4 13. Bxe7 Qxe7 14. a3 Na6
15. Ne5 Bxg2 16. Kxg2 f5 17. Nd3 Qd6 18. Qc3 a4 19. Rac1 c5 20. dxc5 bxc5 21.
Kg1 Rfb8 22. Rfd1 Rb3 23. Qd2 Rab8 24. Rc2 Qc6 25. Nc1 R3b7 26. Qc3 Nc7 27. Nd3
Ne8 28. Qa5 Rc7 29. Qd2 Rb6 30. Ne1 Nd6 31. f3 Nf7 32. e3 Rcb7 33. Qf2 Qc7 34.
Nd3 Rd6 35. Qe1 Qb6 36. Qd2 
0-1

[Event "Eliteserien 2008-2009"]
[Site "Haraldsheim"]
[Date "2008.11.07"]
[Round "6"]
[White "Forså, Espen"]
[Black "Furu, Thormod"]
[Result "1-0"]
[WhiteElo "2313"]
[BlackElo "1871"]
[PlyCount "35"]
[EventDate "2008.??.??"]

1. e4 d6 2. d4 Nf6 3. Nc3 e5 4. Nf3 Nbd7 5. h3 c6 6. g4 exd4 7. Qxd4 d5 8. e5
Bc5 9. Qf4 Qe7 10. Be2 Ne4 11. Nxe4 dxe4 12. Qxe4 f6 13. Bf4 Bb4+ 14. c3 Bd6
15. O-O-O Nxe5 16. Rhe1 Ng6 17. Qxg6+ hxg6 18. Bxd6 
1-0

[Event "Eliteserien 2008-2009"]
[Site "Haraldsheim"]
[Date "2008.11.07"]
[Round "6"]
[White "Lie, Kjetil A."]
[Black "Agdestein, Espen"]
[Result "1-0"]
[WhiteElo "2528"]
[BlackElo "2411"]
[PlyCount "81"]
[EventDate "2008.??.??"]

1. e4 c5 2. Nf3 e6 3. d4 cxd4 4. Nxd4 Nc6 5. Nc3 Qc7 6. Be3 Nf6 7. Bd3 a6 8.
O-O h5 9. h3 Bd6 10. f4 Nxd4 11. e5 Nc6 12. exd6 Qxd6 13. f5 Qc7 14. Qe1 e5 15.
Qg3 Kf8 16. Bg5 Ne7 17. Rae1 d6 18. Bxf6 gxf6 19. Qh4 Qb6+ 20. Rf2 d5 21. Rxe5
fxe5 22. Qxe7+ Kxe7 23. Nxd5+ Ke8 24. Nxb6 Rb8 25. Re2 f6 26. Rd2 h4 27. Be4
Rh7 28. c4 Rh5 29. Nd5 Rh6 30. Ne3 Ke7 31. c5 Bd7 32. Rd6 Bc6 33. Ng4 Bxe4 34.
Nxh6 Rd8 35. Re6+ Kf8 36. Rxf6+ Kg7 37. Rg6+ Kh7 38. Rd6 Rf8 39. Ng4 Bxf5 40.
Nxe5 Be4 41. Rd4 
1-0

[Event "Eliteserien 2008-2009"]
[Site "Haraldsheim"]
[Date "2008.11.07"]
[Round "6"]
[White "Gabrielsen, Stig"]
[Black "Lie, Espen"]
[Result "0-1"]
[WhiteElo "2344"]
[BlackElo "2436"]
[PlyCount "52"]
[EventDate "2008.??.??"]

1. e4 g6 2. d4 Bg7 3. Nf3 d6 4. Bc4 Nf6 5. Qe2 c6 6. e5 Nd5 7. h3 h6 8. Bb3
dxe5 9. dxe5 Na6 10. O-O Nc5 11. Rd1 Nxb3 12. axb3 Qc7 13. c4 Nb4 14. Bf4 Na6
15. Nd4 Nc5 16. Bh2 Ne6 17. Nf3 O-O 18. Nc3 Qb6 19. Ra3 Rd8 20. Na4 Qc7 21.
Rxd8+ Qxd8 22. b4 Bd7 23. Qe3 b6 24. Bg3 c5 25. b5 a6 26. bxa6 Bxa4 
0-1

[Event "Eliteserien 2008-2009"]
[Site "Haraldsheim"]
[Date "2008.11.07"]
[Round "6"]
[White "Østmoe, Geir Sune Tallaksen"]
[Black "Skodvin, Eilif"]
[Result "1/2-1/2"]
[WhiteElo "2399"]
[BlackElo "2328"]
[PlyCount "132"]
[EventDate "2008.??.??"]

1. d4 d5 2. c4 e6 3. Nc3 Be7 4. Nf3 Nf6 5. Bg5 O-O 6. e3 Nbd7 7. Qc2 c5 8. dxc5
Nxc5 9. cxd5 Qa5 10. dxe6 Bxe6 11. Be2 Nce4 12. Bxf6 Bxf6 13. Nd4 Bxd4 14. exd4
Bf5 15. Qa4 Qb6 16. O-O Qxb2 17. Nxe4 Bxe4 18. Bf3 Bxf3 19. gxf3 b5 20. Qd1
Rfd8 21. Qb1 Qe2 22. Re1 Qxf3 23. Qxb5 Qg4+ 24. Kf1 Qxd4 25. Rac1 Rab8 26. Qc4
Qf6 27. Rcd1 Rxd1 28. Rxd1 g6 29. Qc7 Qb6 30. Rc1 Rd8 31. Qxb6 axb6 32. Rb1 Rd2
33. Rxb6 Rxa2 34. Kg2 Kg7 35. Kg3 Ra5 36. h4 Kh6 37. Rb7 Kg7 38. Rb6 Rc5 39.
Ra6 Rb5 40. Rc6 Ra5 41. Rb6 Rf5 42. Ra6 h5 43. Rb6 Rd5 44. Ra6 Kf8 45. Ra7 Ke8
46. Rb7 Rd7 47. Rb6 Ke7 48. Ra6 Rd6 49. Ra7+ Ke6 50. Rb7 f6 51. Rg7 Kf5 52. Rf7
Rd1 53. f3 Rd6 54. Rf8 Rd1 55. Rf7 Rd6 56. Rf8 Rd5 57. Rf7 Ke6 58. Rh7 Rd7 59.
Rh8 Kf7 60. Rh7+ Ke6 61. Rh8 Re7 62. Kf4 Kf7 63. Rh7+ Kf8 64. Rh8+ Kg7 65. Ra8
Rb7 66. Ra5 Rb4+ 
1/2-1/2

[Event "Eliteserien 2008-2009"]
[Site "Haraldsheim"]
[Date "2008.11.07"]
[Round "6"]
[White "Gabrielsen, Trond"]
[Black "Lahlum, Hans O."]
[Result "1/2-1/2"]
[WhiteElo "2300"]
[BlackElo "2141"]
[PlyCount "37"]
[EventDate "2008.??.??"]

1. e4 e6 2. d4 d5 3. Nc3 Bb4 4. e5 c5 5. a3 Bxc3+ 6. bxc3 Ne7 7. Nf3 b6 8. Bb5+
Bd7 9. Bd3 c4 10. Bf1 Ba4 11. g3 h6 12. h4 Kd7 13. Ra2 Qg8 14. Bh3 Qh7 15. Kf1
Nbc6 16. Kg1 Raf8 17. Nd2 Kc7 18. Nf3 b5 19. Nd2 
1/2-1/2

[Event "Eliteserien 2008-2009"]
[Site "Haraldsheim"]
[Date "2008.11.07"]
[Round "6"]
[White "Tallaksen, Levi André"]
[Black "Kirkebø, Carl Peter"]
[Result "1/2-1/2"]
[WhiteElo "2036"]
[BlackElo "2076"]
[PlyCount "35"]
[EventDate "2008.??.??"]

1. d4 Nf6 2. Nf3 e6 3. e3 b6 4. Bd3 Bb7 5. Nbd2 Be7 6. O-O d5 7. Qe2 Nbd7 8. e4
dxe4 9. Nxe4 Nxe4 10. Bxe4 Bxe4 11. Qxe4 O-O 12. Bf4 c5 13. Rad1 Nf6 14. Qe2
Qc8 15. c4 cxd4 16. Nxd4 Qb7 17. Rd3 Rac8 18. b3 
1/2-1/2

[Event "Eliteserien 2008-2009"]
[Site "Haraldsheim"]
[Date "2008.11.07"]
[Round "6"]
[White "Holen, Torgeir"]
[Black "Hobber, Anders"]
[Result "0-1"]
[WhiteElo "1929"]
[BlackElo "1995"]
[PlyCount "56"]
[EventDate "2008.??.??"]

1. d4 d5 2. Nf3 Nf6 3. c4 c6 4. e3 e6 5. Bd3 Nbd7 6. O-O dxc4 7. Bxc4 b5 8. Bd3
Bb7 9. e4 a6 10. Bg5 c5 11. e5 h6 12. Be3 Nd5 13. Nc3 cxd4 14. Nxd5 dxe3 15.
Nf4 exf2+ 16. Kh1 Bc5 17. b4 Ba7 18. Nxe6 fxe6 19. Bg6+ Kf8 20. Nd4 Bxg2+ 21.
Kxg2 Qg5+ 22. Kh1 Qxg6 23. Qf3+ Ke7 24. Nc6+ Ke8 25. Nxa7 Rxa7 26. Qe3 Rf8 27.
Rac1 Ra8 28. Rc7 Qf5 
0-1

[Event "Eliteserien 2008-2009"]
[Site "Haraldsheim"]
[Date "2008.11.07"]
[Round "7"]
[White "Djurhuus, Rune"]
[Black "Østenstad, Berge"]
[Result "1/2-1/2"]
[WhiteElo "2459"]
[BlackElo "2476"]
[PlyCount "93"]
[EventDate "2008.??.??"]

1. c4 c5 2. Nf3 Nf6 3. d4 cxd4 4. Nxd4 e6 5. a3 Be7 6. Nc3 d5 7. cxd5 Nxd5 8.
Ndb5 O-O 9. Nxd5 exd5 10. e3 Nc6 11. Be2 Bf6 12. O-O Be6 13. Rb1 Rc8 14. b4 Bf5
15. Bd3 Bxd3 16. Qxd3 a6 17. Nd4 Nxd4 18. exd4 Rc4 19. Be3 Qd7 20. b5 axb5 21.
Rb3 Be7 22. Bd2 Rfc8 23. h3 Bf6 24. Qb1 Bxd4 25. Rxb5 b6 26. Qb3 Bc5 27. a4 h6
28. a5 bxa5 29. Bxa5 Qf5 30. Bb6 Bxb6 31. Rxb6 Rc1 32. Qe3 Rxf1+ 33. Kxf1 Rc4
34. g4 Qd7 35. Qe5 Re4 36. Qd6 Qxd6 37. Rxd6 d4 38. f3 Rf4 39. Rd8+ Kh7 40. Kf2
g5 41. Kg3 Kg7 42. h4 f6 43. hxg5 hxg5 44. Kf2 Kf7 45. Ke2 Ke7 46. Rd5 Ke6 47.
Rd8 
1/2-1/2

[Event "Eliteserien 2008-2009"]
[Site "Haraldsheim"]
[Date "2008.11.07"]
[Round "7"]
[White "Skrondal, Inge Sandstad"]
[Black "Sahl, Bjarke"]
[Result "0-1"]
[WhiteElo "2179"]
[BlackElo "2347"]
[PlyCount "36"]
[EventDate "2008.??.??"]

1. d4 d5 2. Nf3 Nf6 3. c4 e6 4. g3 Bb4+ 5. Bd2 a5 6. Bg2 O-O 7. O-O Nc6 8. Ne5
dxc4 9. Nxc6 bxc6 10. Bxc6 Ra6 11. Bb5 Rd6 12. e3 Bb7 13. Qe2 Ne4 14. Bc3 e5
15. f3 exd4 16. Bxb4 d3 17. Qd1 axb4 18. Bxc4 Qg5 
0-1

[Event "Eliteserien 2008-2009"]
[Site "Haraldsheim"]
[Date "2008.11.07"]
[Round "7"]
[White "Thorstensen, Trond"]
[Black "Aulin-Jansson, Jøran"]
[Result "1-0"]
[WhiteElo "2175"]
[BlackElo "2183"]
[PlyCount "71"]
[EventDate "2008.??.??"]

1. d4 Nf6 2. g3 c5 3. d5 e5 4. c4 d6 5. Nc3 g6 6. e4 Bg7 7. h4 a6 8. Be2 O-O 9.
Bg5 h6 10. Be3 Qa5 11. Qd2 h5 12. f3 Nbd7 13. Nh3 Ne8 14. g4 Ndf6 15. Nf2 Bd7
16. a4 Nc7 17. Ra3 Rab8 18. Bg5 Nce8 19. Rg1 Kh7 20. Nd3 Qc7 21. Nf2 Rh8 22. f4
hxg4 23. fxe5 dxe5 24. Nxg4 Nxg4 25. Bxg4 Bxg4 26. Rxg4 Kg8 27. d6 Qxd6 28. Nd5
Qe6 29. Rag3 b5 30. Ne7+ Kf8 31. Qf2 bxc4 32. Nxg6+ Qxg6 33. Be7+ Kxe7 34. Rxg6
fxg6 35. Qxc5+ Kf7 36. Qa7+ 
1-0

[Event "Eliteserien 2008-2009"]
[Site "Haraldsheim"]
[Date "2008.11.07"]
[Round "7"]
[White "Diesen, Bruce"]
[Black "Briseid, Håkon"]
[Result "1/2-1/2"]
[WhiteElo "2141"]
[BlackElo "1897"]
[PlyCount "130"]
[EventDate "2008.??.??"]

1. e4 e5 2. Nf3 Nc6 3. Bb5 a6 4. Ba4 Nf6 5. O-O Be7 6. Re1 b5 7. Bb3 d6 8. c3
O-O 9. h3 Na5 10. Bc2 c5 11. d4 cxd4 12. cxd4 Qc7 13. Nbd2 Bb7 14. Nf1 Rac8 15.
Bb1 d5 16. exd5 exd4 17. Bg5 Bxd5 18. Nxd4 g6 19. Ne3 Rfd8 20. Qe2 Qb6 21. Nxd5
Nxd5 22. Bxe7 Nxe7 23. Nf3 Nd5 24. Be4 Nf4 25. Qe3 Qxe3 26. fxe3 Nd3 27. Re2 f5
28. Bxd3 Rxd3 29. e4 fxe4 30. Rxe4 Nc4 31. Re2 Rcd8 32. b3 Rd1+ 33. Rxd1 Rxd1+
34. Kf2 Nd6 35. Rc2 a5 36. Ke2 Ra1 37. Nd4 Rg1 38. Kf2 Rd1 39. Nc6 a4 40. bxa4
bxa4 41. Ke2 Rg1 42. Kf2 Rd1 43. Ne5 Kg7 44. Nf3 Rb1 45. Ke2 Kf6 46. Nd2 Rg1
47. Kf2 Rd1 48. Nf3 Rb1 49. Ke3 h6 50. Kd4 Ke6 51. Re2+ Kf6 52. Nd2 Rb5 53. Kc3
Kf5 54. Rf2+ Ke6 55. Rf4 a3 56. Nb3 Rb8 57. Ra4 Rf8 58. Nd4+ Kd5 59. Ra5+ Ke4
60. Nf3 Rc8+ 61. Kb3 Rb8+ 62. Kc3 Rc8+ 63. Kb3 Rb8+ 64. Kc3 Rc8+ 65. Kb3 Rb8+
1/2-1/2

[Event "Eliteserien 2008-2009"]
[Site "Haraldsheim"]
[Date "2008.11.07"]
[Round "7"]
[White "Stokke, Kjetil"]
[Black "Miezis, Normunds"]
[Result "1/2-1/2"]
[WhiteElo "2305"]
[BlackElo "2500"]
[PlyCount "29"]
[EventDate "2008.??.??"]

1. e4 c5 2. Nf3 e6 3. d4 cxd4 4. Nxd4 a6 5. Bd3 Nc6 6. Nxc6 dxc6 7. Nd2 Qc7 8.
a4 Nf6 9. a5 e5 10. Nc4 Be6 11. O-O Bc5 12. Qe2 O-O 13. Kh1 Rae8 14. Bd2 Nd7
15. Bc3 
1/2-1/2

[Event "Eliteserien 2008-2009"]
[Site "Haraldsheim"]
[Date "2008.11.07"]
[Round "7"]
[White "Kveinys, Aloyzas"]
[Black "Gullaksen, Eirik"]
[Result "1/2-1/2"]
[WhiteElo "2600"]
[BlackElo "2387"]
[PlyCount "35"]
[EventDate "2008.??.??"]

1. d4 Nf6 2. Nf3 g6 3. c4 Bg7 4. g3 O-O 5. Bg2 d6 6. O-O c6 7. Nc3 Qb6 8. h3
Qa6 9. b3 b5 10. Nd2 Bb7 11. Bb2 Nbd7 12. e4 Ne8 13. a4 bxc4 14. Nxc4 c5 15. d5
Ne5 16. Nxe5 Bxe5 17. a5 Rb8 18. f4 
1/2-1/2

[Event "Eliteserien 2008-2009"]
[Site "Haraldsheim"]
[Date "2008.11.07"]
[Round "7"]
[White "Bern, Ivar"]
[Black "Thomassen, Joachim"]
[Result "1/2-1/2"]
[WhiteElo "2252"]
[BlackElo "2308"]
[PlyCount "23"]
[EventDate "2008.??.??"]

1. g3 d5 2. Nf3 Nf6 3. Bg2 Bg4 4. c4 c6 5. cxd5 cxd5 6. Qb3 Qc7 7. Nc3 Bxf3 8.
Bxf3 e6 9. d4 Nc6 10. Bf4 Qd7 11. Rd1 Be7 12. O-O 
1/2-1/2

[Event "Eliteserien 2008-2009"]
[Site "Haraldsheim"]
[Date "2008.11.07"]
[Round "7"]
[White "Hammer, Jon Ludvig"]
[Black "Røyset, Jon Kr."]
[Result "1-0"]
[WhiteElo "2565"]
[BlackElo "2076"]
[PlyCount "93"]
[EventDate "2008.??.??"]

1. e4 e5 2. Nf3 Nc6 3. Bb5 Nf6 4. O-O Nxe4 5. d4 Nd6 6. Bxc6 dxc6 7. dxe5 Nf5
8. Qxd8+ Kxd8 9. Nc3 h6 10. h3 Ne7 11. Ne4 b6 12. Bd2 Be6 13. Rfe1 c5 14. a3
Nc6 15. Bc3 Kc8 16. Ng3 Kb7 17. Nh5 Rd8 18. Nf4 Be7 19. Nxe6 fxe6 20. Re4 Rhf8
21. Kf1 Rd7 22. Ke2 a6 23. Rg4 g5 24. Rh1 h5 25. Re4 Rg8 26. g4 Bd8 27. Rg1 Rh8
28. h4 gxh4 29. g5 h3 30. Rh4 Ne7 31. Rxh3 Ng6 32. Bd2 Rf7 33. Nh4 Ne7 34. Rgh1
Rhf8 35. f4 Rxf4 36. Bxf4 Rxf4 37. Nf3 Nf5 38. Rg1 Rg4 39. Kf2 Rc4 40. Rxh5
Rxc2+ 41. Ke1 Bxg5 42. Rgxg5 Rxb2 43. Rxf5 exf5 44. e6 Rb3 45. Kf2 Kc6 46. Rh7
f4 47. Ne5+ 
1-0

[Event "Eliteserien 2008-2009"]
[Site "Haraldsheim"]
[Date "2008.11.07"]
[Round "7"]
[White "Jæger, Frode Bull"]
[Black "Grønn, Atle"]
[Result "0-1"]
[WhiteElo "2031"]
[BlackElo "2423"]
[PlyCount "80"]
[EventDate "2008.??.??"]

1. e4 g6 2. d4 d6 3. Nc3 c6 4. Nf3 Bg7 5. Be3 Nf6 6. h3 O-O 7. a4 Nbd7 8. a5
Qc7 9. Qd2 Rb8 10. Be2 b5 11. axb6 axb6 12. O-O b5 13. b4 Nb6 14. Bh6 Be6 15.
Bxg7 Kxg7 16. d5 cxd5 17. Nxb5 Qc8 18. exd5 Bxd5 19. Nc3 Bxf3 20. Bxf3 Nc4 21.
Qe1 Ne5 22. Be2 Rxb4 23. Ba6 Qb8 24. Qe2 Qc7 25. Nb5 Qc5 26. c3 Rb3 27. Ra4 Ra8
28. Qc2 Rxb5 29. Bxb5 Rc8 30. Be2 Nd5 31. c4 Nf4 32. Rfa1 Qc6 33. Bf1 Nxh3+ 34.
Kh2 Nxf2 35. c5 Nfg4+ 36. Kh3 Ne3 37. Qe4 Qd7+ 38. Kh2 Nxf1+ 39. Rxf1 Rxc5 40.
Qd4 Rc2 
0-1

[Event "Eliteserien 2008-2009"]
[Site "Haraldsheim"]
[Date "2008.11.07"]
[Round "7"]
[White "Moen, Andreas G.R."]
[Black "Søraas, Torben"]
[Result "1-0"]
[WhiteElo "2341"]
[BlackElo "2111"]
[PlyCount "124"]
[EventDate "2008.??.??"]

1. e4 c5 2. Nf3 Nc6 3. Bb5 g6 4. O-O Bg7 5. Re1 Nf6 6. e5 Nd5 7. Nc3 Nc7 8.
Bxc6 dxc6 9. Ne4 Ne6 10. d3 O-O 11. Be3 b6 12. Qd2 Re8 13. Bh6 Bh8 14. h4 Nd4
15. Qf4 Nxc2 16. Nfg5 Rf8 17. Bxf8 Qxf8 18. a4 Nxa1 19. Rxa1 a5 20. Ra3 h6 21.
Nf3 Be6 22. d4 c4 23. h5 Qg7 24. Nfd2 g5 25. Qe3 Re8 26. Qc3 Bd5 27. Ng3 c5 28.
Nxc4 cxd4 29. Qxd4 Bxc4 30. Qxc4 Qxe5 31. Re3 Qxb2 32. Qc6 Rd8 33. Rxe7 Bd4 34.
Re8+ Rxe8 35. Qxe8+ Kg7 36. Nf5+ Kf6 37. Nxd4 Qc1+ 38. Kh2 Qf4+ 39. Kg1 Qc1+
40. Kh2 Qf4+ 41. g3 Qxf2+ 42. Kh3 Qf1+ 43. Kg4 Qd1+ 44. Nf3 Kg7 45. Qe5+ Kg8
46. Qd4 f5+ 47. Kxf5 Qxf3+ 48. Kg6 Qc6+ 49. Qf6 Qxf6+ 50. Kxf6 Kh7 51. Ke6 Kg7
52. g4 Kh7 53. Kd5 Kg7 54. Kc6 Kf6 55. Kxb6 Ke5 56. Kxa5 Kf4 57. Kb5 Kxg4 58.
a5 Kh3 59. a6 g4 60. a7 g3 61. a8=Q g2 62. Qf3+ Kh2 
1-0

[Event "Eliteserien 2008-2009"]
[Site "Haraldsheim"]
[Date "2008.11.07"]
[Round "7"]
[White "Esbensen, Andreas"]
[Black "Elseth, Roar"]
[Result "0-1"]
[WhiteElo "2048"]
[BlackElo "2233"]
[PlyCount "50"]
[EventDate "2008.??.??"]

1. e4 e5 2. Nf3 Nc6 3. d4 exd4 4. Bc4 Nf6 5. e5 d5 6. Bb5 Ne4 7. Nxd4 Bc5 8.
O-O O-O 9. Bxc6 bxc6 10. Nxc6 Qh4 11. Be3 Bxe3 12. fxe3 Bb7 13. Rf4 Qh6 14.
Ne7+ Kh8 15. Nxd5 Rad8 16. c4 c6 17. Rxe4 cxd5 18. Rd4 Qxe3+ 19. Kh1 Qf2 20.
Qg1 Qxb2 21. Nd2 dxc4 22. Rxd8 Bxg2+ 23. Kxg2 Rxd8 24. Kh1 Rxd2 25. Re1 Qb7+
0-1

[Event "Eliteserien 2008-2009"]
[Site "Haraldsheim"]
[Date "2008.11.07"]
[Round "7"]
[White "Lundeby, Øyvind Andersen"]
[Black "Gabrielsen, Stig"]
[Result "0-1"]
[WhiteElo "2189"]
[BlackElo "2344"]
[PlyCount "98"]
[EventDate "2008.??.??"]

1. e4 c5 2. Nf3 Nc6 3. Bb5 g6 4. Bxc6 bxc6 5. O-O Bg7 6. Re1 Nh6 7. c3 O-O 8.
d4 Qb6 9. h3 cxd4 10. cxd4 f6 11. Nc3 Nf7 12. Qc2 d6 13. Be3 Bd7 14. Rad1 Qb7
15. Nd2 Rab8 16. b3 f5 17. f3 f4 18. Bf2 Kh8 19. Nc4 Qc8 20. h4 Rg8 21. Qe2 g5
22. e5 dxe5 23. Nxe5 Nxe5 24. dxe5 gxh4 25. e6 Be8 26. Bd4 h3 27. Bxg7+ Rxg7
28. Qe5 Kg8 29. Re2 Qb7 30. Kh2 Qb4 31. gxh3 Bg6 32. Red2 Rf8 33. Rd8 Be8 34.
Rb8 Qa3 35. Rdd8 Qc1 36. Rd1 Qc2+ 37. Qe2 Qxc3 38. Rdd8 Qc5 39. Qf1 Qh5 40. Ra8
Qg6 41. Qf2 h6 42. Rxa7 Kh7 43. Rd2 Rfg8 44. Re2 Qg5 45. b4 Bh5 46. Ra3 Qf6 47.
Ra5 Bg6 48. Rc5 Bf5 49. Ree5 Qh4 
0-1

[Event "Eliteserien 2008-2009"]
[Site "Haraldsheim"]
[Date "2008.11.07"]
[Round "7"]
[White "Gabrielsen, Trond"]
[Black "Kolås, Tore"]
[Result "1-0"]
[WhiteElo "2300"]
[BlackElo "2144"]
[PlyCount "89"]
[EventDate "2008.??.??"]

1. e4 e5 2. Nf3 Nc6 3. Bb5 a6 4. Ba4 Nf6 5. O-O Be7 6. Re1 b5 7. Bb3 d6 8. c3
O-O 9. d4 Bg4 10. Be3 Na5 11. Bc2 exd4 12. cxd4 d5 13. e5 Ne4 14. Nc3 Nxc3 15.
bxc3 Bh5 16. Qb1 Bg6 17. Bxg6 fxg6 18. Nd2 c6 19. Rf1 Qd7 20. Qd1 Qf5 21. Qe2
Rac8 22. g4 Qe6 23. f4 c5 24. Qf3 cxd4 25. cxd4 Rc3 26. Rac1 Rxc1 27. Rxc1 Nc4
28. Nxc4 bxc4 29. Rf1 Qc6 30. Bd2 Bd8 31. Bc3 Bb6 32. f5 g5 33. Rb1 Rd8 34. Qe2
Re8 35. Kg2 Qc7 36. Qf2 h6 37. a4 Qc6 38. a5 Ba7 39. Qe1 Rb8 40. Rc1 Rb3 41. h4
gxh4 42. Qxh4 Rxc3 43. Rxc3 Bxd4 44. Qd8+ Kh7 45. g5 
1-0

[Event "Eliteserien 2008-2009"]
[Site "Haraldsheim"]
[Date "2008.11.07"]
[Round "7"]
[White "Vea, Odin Blikra"]
[Black "Johansen, Terje"]
[Result "1-0"]
[WhiteElo "2134"]
[BlackElo "2182"]
[PlyCount "77"]
[EventDate "2008.??.??"]

1. e4 c6 2. Ne2 d5 3. e5 c5 4. d4 Nc6 5. c3 cxd4 6. cxd4 Bf5 7. Ng3 Bxb1 8.
Rxb1 e6 9. a3 h5 10. Nxh5 Qh4 11. Nf4 Nh6 12. Qb3 O-O-O 13. g3 Qe7 14. Be3 Kb8
15. Bb5 Rc8 16. Rc1 Ka8 17. Nd3 Qd8 18. Bxc6 Rxc6 19. Rxc6 bxc6 20. Bxh6 gxh6
21. O-O Qb6 22. Qc3 Be7 23. Rc1 Rc8 24. b4 Qa6 25. Kg2 Rc7 26. Rc2 Qa4 27. Nb2
Qb5 28. Qd3 Qb8 29. Na4 Kb7 30. Qh7 Qf8 31. Rc3 f6 32. Rf3 Bd8 33. Qg6 Rg7 34.
Nc5+ Kc8 35. Qd3 Qe8 36. exf6 Rf7 37. Qa6+ Kb8 38. Qe2 Rxf6 39. Qe5+ 
1-0

[Event "Eliteserien 2008-2009"]
[Site "Haraldsheim"]
[Date "2008.11.07"]
[Round "7"]
[White "Kirkebø, Carl Peter"]
[Black "Ulrichsen, Jarl H"]
[Result "1-0"]
[WhiteElo "2076"]
[BlackElo "2115"]
[PlyCount "76"]
[EventDate "2008.??.??"]

1. e4 e5 2. Bc4 Nc6 3. Nc3 Nf6 4. d3 Na5 5. Qf3 Nxc4 6. dxc4 b6 7. Nge2 d6 8.
a4 Be7 9. b3 O-O 10. h3 Ne8 11. g4 Bg5 12. Ba3 g6 13. h4 Bxh4 14. Qh3 g5 15.
O-O-O Nf6 16. f3 Kh8 17. Qh2 Rg8 18. Kb1 Rg7 19. Nb5 Ne8 20. Qxe5 Bxg4 21. Qc3
Bd7 22. Bb2 Bxb5 23. cxb5 f6 24. Rdg1 Qd7 25. Rg2 Qf7 26. Nd4 Rd8 27. Nf5 Rg6
28. Rgh2 Ng7 29. Nxh4 gxh4 30. Rxh4 h5 31. f4 Kg8 32. e5 dxe5 33. fxe5 f5 34.
e6 Qxe6 35. Rxh5 Rd7 36. Rh8+ Kf7 37. R1h7 Rf6 38. Rh6 Rg6 
1-0

[Event "Eliteserien 2008-2009"]
[Site "Haraldsheim"]
[Date "2008.11.07"]
[Round "7"]
[White "Evensen, Tom R"]
[Black "Valaker, Ole Johan"]
[Result "1-0"]
[WhiteElo "1973"]
[BlackElo "2067"]
[PlyCount "81"]
[EventDate "2008.??.??"]

1. d4 d5 2. Nf3 Bf5 3. c4 e6 4. Nc3 Nc6 5. Bf4 Bb4 6. e3 Nf6 7. Bd3 Ne4 8. Bxe4
Bxe4 9. cxd5 exd5 10. Rc1 O-O 11. O-O Bd6 12. Ne5 Nb4 13. Qg4 Qe7 14. a3 Nd3
15. Nxd3 Bxd3 16. Nxd5 Qe6 17. Qxe6 fxe6 18. Rfd1 Bf5 19. Bxd6 cxd6 20. Ne7+
Kh8 21. Rc7 b6 22. f3 d5 23. Rdc1 h5 24. Nxf5 exf5 25. Rd7 Rac8 26. Rcc7 Rxc7
27. Rxc7 a5 28. Kf2 Rf6 29. Ke2 Rd6 30. Kd3 Kh7 31. e4 fxe4+ 32. fxe4 dxe4+ 33.
Kxe4 Re6+ 34. Kd3 Rg6 35. g3 h4 36. gxh4 Rg2 37. Rc2 Rg4 38. Kc4 Rxh4 39. Kd5
Kg6 40. Ke5 Rh5+ 41. Ke6 
1-0

[Event "Eliteserien 2008-2009"]
[Site "Haraldsheim"]
[Date "2008.11.07"]
[Round "7"]
[White "Agdestein, Espen"]
[Black "David, Edwin"]
[Result "1/2-1/2"]
[WhiteElo "2411"]
[BlackElo "2139"]
[PlyCount "57"]
[EventDate "2008.??.??"]

1. Nf3 Nc6 2. c4 e5 3. Nc3 Nf6 4. e3 d5 5. cxd5 Nxd5 6. Bb5 Nxc3 7. bxc3 Bd6 8.
d4 Bd7 9. O-O O-O 10. Bxc6 Bxc6 11. dxe5 Bxf3 12. Qxf3 Bxe5 13. Ba3 Re8 14.
Qxb7 Qh4 15. g3 Qc4 16. Qb4 Qa6 17. Qb3 Rab8 18. Bb4 h5 19. Qd5 h4 20. Rad1 Qf6
21. Bc5 Rbd8 22. Qg2 Bxc3 23. Bxa7 Qa6 24. Bc5 Qxa2 25. Qf3 hxg3 26. hxg3 Qa5
27. Qc6 Bf6 28. Rd5 Re6 29. Rxd8+ 
1/2-1/2

[Event "Eliteserien 2008-2009"]
[Site "Haraldsheim"]
[Date "2008.11.07"]
[Round "7"]
[White "Tisdall, Jonathan"]
[Black "Hole, Øystein"]
[Result "1/2-1/2"]
[WhiteElo "2386"]
[BlackElo "2401"]
[PlyCount "92"]
[EventDate "2008.??.??"]

1. Nf3 d5 2. c4 c6 3. b3 Nf6 4. Bb2 Bf5 5. g3 e6 6. Bg2 Nbd7 7. O-O h6 8. d3
Be7 9. a3 a5 10. cxd5 exd5 11. Nbd2 O-O 12. Re1 Bh7 13. Qc2 Re8 14. Bc3 Bf8 15.
Qb2 Qb6 16. Rac1 Ng4 17. d4 Ngf6 18. Bh3 Bd6 19. Ne5 Nf8 20. e3 Ne4 21. Nxe4
Bxe4 22. f3 Bh7 23. Bg2 Re7 24. b4 axb4 25. axb4 Rae8 26. Qd2 Ne6 27. Kh1 Nc7
28. Nd3 Nb5 29. Nc5 Bb8 30. e4 dxe4 31. fxe4 Nxc3 32. Qxc3 f6 33. Rf1 Bd6 34.
d5 Qb5 35. Qb3 Kh8 36. Qc4 Qxc4 37. Rxc4 cxd5 38. exd5 b6 39. Ne6 Bd3 40. Rc6
Bxf1 41. Bxf1 Bxb4 42. Rxb6 Ba5 43. Ra6 Bc7 44. Bd3 Bb8 45. Kg2 Rc8 46. Bf5 Rb7
1/2-1/2

[Event "Eliteserien 2008-2009"]
[Site "Haraldsheim"]
[Date "2008.11.07"]
[Round "7"]
[White "Robertsen, Thomas"]
[Black "Johannessen, Leif E"]
[Result "0-1"]
[WhiteElo "2210"]
[BlackElo "2529"]
[PlyCount "120"]
[EventDate "2008.??.??"]

1. e4 c5 2. Nf3 e6 3. Nc3 a6 4. d4 cxd4 5. Nxd4 Qc7 6. Be3 Bb4 7. Qd2 Nf6 8.
Bd3 d5 9. exd5 Nxd5 10. O-O Nxc3 11. bxc3 Bxc3 12. Qe2 Bxa1 13. Rxa1 O-O 14.
Qh5 g6 15. Qh4 f6 16. Bh6 Rf7 17. Re1 e5 18. f4 Nd7 19. Nf3 b5 20. Qg3 Qb6+ 21.
Kh1 exf4 22. Bxf4 Bb7 23. Nh4 Ne5 24. Bxe5 fxe5 25. Nf5 Kh8 26. Qxe5+ Qf6 27.
Nd6 Kg8 28. Nxf7 Qxf7 29. Be4 Bxe4 30. Qxe4 Rf8 31. h3 Qxa2 32. Qc6 b4 33. Re8
a5 34. Rxf8+ Kxf8 35. Qf6+ Ke8 36. Qh8+ Ke7 37. Qxh7+ Qf7 38. Qh4+ Kd7 39. Qg5
Qf5 40. Qd2+ Kc6 41. Qd8 Kb5 42. Qe8+ Kc4 43. Qc6+ Kd4 44. Kg1 Ke3 45. c3 Qe4
46. Qb6+ Kd3 47. cxb4 axb4 48. Qa6+ Kd2 49. Qa2+ Qc2 50. Qd5+ Kc1 51. Qe5 b3
52. Qa1+ Qb1 53. Qc3+ Kd1 54. Kh2 Qc2 55. Qa1+ Qc1 56. Qd4+ Qd2 57. Qg4+ Kc1
58. Qa4 Qd6+ 59. Kh1 b2 60. Qc4+ Kd2 
0-1